Geography Quiz

Random Geography or World Quiz

Worlds smallest stuff 3: islands Quiz Stats

 Plays Quiz not verified by Sporcle

Challenge
Share
Tweet
Embed
Score 0/10 Timer 04:00
0 Plays Today
number island % Correct
1 (smallest)Nauru
88%
2Tuvalu
80%
5Malta
76%
8St Kitts and Nevis
52%
10Antigua and Barbuda
52%
4Maldives
48%
9Barbados
40%
7St Vincent and the Grenadines
32%
3Marshall Iceland
4%
6Greenada
4%

You're not logged in!

Compare scores with friends on all Sporcle quizzes.
OR
Log In

You Might Also Like...

Show Comments

Extras

Created Jun 27, 2011ReportNominate
Tags:World Quiz, island, smallest, stuff

Top Quizzes Today


Score Distribution

Your Account Isn't Verified!

In order to create a playlist on Sporcle, you need to verify the email address you used during registration. Go to your Sporcle Settings to finish the process.

Report this User

Report this user for behavior that violates our Community Guidelines.

Details: